Príspevok pri narodení dieťaťa v roku 2026

Systém štátnej sociálnej podpory je jedným zo základných systémov práva sociálneho zabezpečenia, ktorý je zameraný najmä na pomoc rodinám s nezaopatrenými deťmi. Ide tak o realizáciu rodinnej politiky. Príspevok pri narodení dieťaťa patrí medzi štátne sociálne dávky, t. j. dávky zo systému štátnej s...

Full description

Saved in:
Bibliographic Details
Main Author: Petríková, Lucia
Format: Book Chapter
Language:Slovak
Subjects:
Tags: Add Tag
No Tags, Be the first to tag this record!

MARC

LEADER 00000naa a2200000 4500
001 0313240
005 20251119131743.5
041 0 |a slo 
044 |a SK 
245 1 0 |a Príspevok pri narodení dieťaťa v roku 2026  |c Lucia Petríková 
520 |a Systém štátnej sociálnej podpory je jedným zo základných systémov práva sociálneho zabezpečenia, ktorý je zameraný najmä na pomoc rodinám s nezaopatrenými deťmi. Ide tak o realizáciu rodinnej politiky. Príspevok pri narodení dieťaťa patrí medzi štátne sociálne dávky, t. j. dávky zo systému štátnej sociálnej podpory. Kto má nárok na túto štátnu sociálnu dávku? V akej výške sa poskytuje? 
610 2 0 |a politika sociálna 
610 2 0 |a zabezpečenie sociálne 
610 2 0 |a dávky sociálne 
610 2 0 |a podpora štátna 
610 2 0 |a príspevky sociálne 
610 2 0 |a deti 
100 1 |a Petríková, Lucia